Thomas Smith commission, (Record no. 40935)

MARC details
000 -LEADER
fixed length control field 01165cpcaa2200289 a 4500
001 - CONTROL NUMBER
control field mm 79001783
003 - CONTROL NUMBER IDENTIFIER
control field DLC
005 - DATE AND TIME OF LATEST TRANSACTION
control field 20260227111638.0
008 - FIXED-LENGTH DATA ELEMENTS--GENERAL INFORMATION
fixed length control field 791120|||||||||||| eng
010 ## - LIBRARY OF CONGRESS CONTROL NUMBER
LC control number mm 79001783
040 ## - CATALOGING SOURCE
Original cataloging agency DLC
Transcribing agency DLC
Description conventions dacs
Modifying agency DLC
072 #7 - SUBJECT CATEGORY CODE
Subject category code C
Source lcmd
100 1# - MAIN ENTRY--PERSONAL NAME
Personal name Smith, Thomas,
Dates associated with a name 1648-1694.
245 00 - TITLE STATEMENT
Title Thomas Smith commission,
Inclusive dates 1693-1928.
300 ## - PHYSICAL DESCRIPTION
Extent 1
Type of unit item.
506 0# - RESTRICTIONS ON ACCESS NOTE
Terms governing access Open to research.
520 8# - SUMMARY, ETC.
Summary, etc. True copy of Smith's commission as governor of Carolina, bearing the seal of the colony, with notes (1928) on its provenance on verso.
546 ## - LANGUAGE NOTE
Language note Collection material in English.
580 ## - LINKING ENTRY COMPLEXITY NOTE
Linking entry complexity note Forms part of: Miscellaneous Manuscripts collection.
651 #0 - SUBJECT ADDED ENTRY--GEOGRAPHIC NAME
Geographic name Great Britain
General subdivision Colonies
Geographic subdivision America.
651 #0 - SUBJECT ADDED ENTRY--GEOGRAPHIC NAME
Geographic name North Carolina
General subdivision History
Chronological subdivision Colonial period, ca. 1600-1775.
651 #0 - SUBJECT ADDED ENTRY--GEOGRAPHIC NAME
Geographic name South Carolina
General subdivision History
Chronological subdivision Colonial period, ca. 1600-1775.
656 #7 - INDEX TERM--OCCUPATION
Occupation Governors
Geographic subdivision South Carolina.
Source of term itoamc
656 #7 - INDEX TERM--OCCUPATION
Occupation Governors
Geographic subdivision North Carolina.
Source of term itoamc

No items available.

Powered by Koha